Ultimate Spider-Man: Members of the Web-Warriors by Picture - Statistics

General Stats
  • This quiz has been taken 13 times
  • The average score is 10 of 11
Answer Stats
Picture Answer % Correct
Kid Arachnid
100%
Spider-Ham
100%
Spider-Man 2099
100%
Ultimate Spider-Man
100%
Iron Spider
92%
Spider-Man Noir
92%
Scarlet Spider
83%
Spider-Girl
83%
Agent Venom
75%
Spider-Woman
75%
Spyder-Knight
50%
No matching quizzes found
Score Distribution
Percent of People with Each Score
Percentile by Number Answered
Your Score History
You have not taken this quiz